| 000 | 01253cam a2200301 i 4500 | ||
|---|---|---|---|
| 003 | SA-RiAUC | ||
| 005 | 20241109142622.0 | ||
| 008 | 241102s1995 su g b 000r0dara c | ||
| 040 |
_aSA-RiAUC _bara _cSA-RiAUC _erda |
||
| 082 | 0 | 4 | _a258.5 |
| 090 |
_a258.5 _bع ب د |
||
| 100 | 1 |
_aعبد المجيد، عبد المجيد محمود _eمؤلف. |
|
| 245 | 1 | 0 |
_aمعالم فقه ابن حبان / _cعبد المجيد محمود عبد المجيد. |
| 246 | 3 | 0 | _aفقه ابن حبان |
| 250 | _aالطبعة الأولى. | ||
| 264 | 1 |
_aالطائف، السعودية : _bمكتبة البيان، _c1995 |
|
| 300 |
_a253 صفحة ؛ _c24 سم. |
||
| 336 |
_aنص _btxt _2rdacontent _3كتاب |
||
| 337 |
_aبدون وسيط _bn _2rdamedia |
||
| 338 |
_aمجلد _bnc _2rdacarrier |
||
| 490 | 0 | _aدراسات في فقه أهل الحديث | |
| 504 | _aببليوجرافية : صفحة 247-251. | ||
| 600 | 1 | 7 |
_aأبو حاتم البستي، محمد بن حبان بن أحمد، _dتوفي 354 هجري _2aucnm |
| 650 | 7 |
_aالحديث _xالجوامع (عدا ما ذكر في الكتب الستة) _2aucsh |
|
| 650 | 7 |
_aالفقه الإسلامي _2aucsh |
|
| 942 |
_2ddc _cBOOK _n0 |
||
| 949 |
_aSA-JeALM _d241102 _umohamedma123 _n1 |
||
| 999 |
_c2221 _d2221 |
||